| 000 | 00000nam##2200000za#4500 |
| 001 | 9.643613 |
| 003 | CaOODSP |
| 005 | 20250611103611 |
| 007 | cr ||||||||||| |
| 008 | 150407|2003||||xxc|||||o f|0| 0 fre|d |
| 020 | |a978-0-660-97490-3 |
| 040 | |aCaOODSP|bfre |
| 043 | |an-cn--- |
| 086 | 1 |aA22-233/2003-5F-PDF |
| 110 | 1 |aCanada. |bAgriculture et agroalimentaire Canada. |
| 245 | 10|aRusticité et croissance de plantes ligneuses ornementales. Tome V : |h[ressource électronique]|brésultats et recommandations du REPLOQ |
| 260 | |aQuébec - Québec : |bAgriculture et Agroalimentaire Canada |c2003. |
| 300 | |a579p.|bfigures, graphiques, références, tableaux |
| 500 | |a«Numérisé par Éditions et Services de dépôt, Travaux publics et Services gouvernementaux Canada - 2014» |
| 590 | |a14-18-Supp|b2014-10-15 |
| 691 | 07|aPlante ornementale|2gcpds |
| 775 | 08|tHardiness and growth of woody ornamental plants. Volume V : |w(CaOODSP)9.699636 |
| 776 | 0#|tRusticité et croissance de plantes ligneuses ornementales. Tome V : |w(CaOODSP)9.681992 |
| 856 | 40|ahttp://publications.gc.ca|qPDF|s15.56 Mo|uhttps://publications.gc.ca/collections/collection_2014/aac-aafc/A22-233-2003-5-fra.pdf |